000 01089nam a22002537a 4500
005 20110125140113.0
008 110125t xxu||||| |||| 00| 0 mar d
010 _aMAR-20876
020 _c150.00
035 _aMR-13534
037 _bDBAD / PUB
040 _aDPL
_bMR
082 _a891.46301
100 _925582
_aजोशी,रवीन्द्र विनायक
245 _aगावरान गोष्टी /
_cरवीन्द्र विनायक जोशी
246 _aGavran Goshti
_bby Ravinder Vinayak Joshi
260 _aचंद्रकला प्रकाशन
_bपुणे
_c2007
270 _a39/584,लोकमान्य नगर,नवी पेठ
_bपुणे
_e411030
300 _a152पृ
_c21सेमी (अजिल्द)
650 _928227
700 _928229
942 _2ddc
_cMR
_h891.46301
_mजोशीवि
999 _c52563
_d52563